A culture of growth : (Record no. 13655)
[ view plain ]
| 000 -LEADER | |
|---|---|
| fixed length control field | 01364cam a2200349 i 4500 |
| 001 - CONTROL NUMBER | |
| JCCL Control Number | 13655 |
| 003 - CONTROL NUMBER IDENTIFIER | |
| JCCL marc code | BD-JhCC |
| 005 - DATE AND TIME OF LATEST TRANSACTION | |
| control field | 20240313135241.0 |
| 008 - FIXED-LENGTH DATA ELEMENTS--GENERAL INFORMATION | |
| fixed length control field | 160311s2017 nju b 001 0 eng |
| 020 ## - INTERNATIONAL STANDARD BOOK NUMBER | |
| International Standard Book Number | 9780691168883 (hardback) |
| 035 ## - SYSTEM CONTROL NUMBER | |
| system control number | (BD-JhCC) |
| 040 ## - CATALOGING SOURCE | |
| Original cataloging agency | DLC |
| Transcribing agency | DLC |
| Description conventions | rda |
| Modifying agency | DLC |
| 041 ## - LANGUAGE CODE | |
| Language code of Book | english |
| 050 00 - LIBRARY OF CONGRESS CALL NUMBER | |
| Classification number | HD75 |
| Item number | .M65 2017 |
| 082 00 - DEWEY DECIMAL CLASSIFICATION NUMBER | |
| Classification number | 330 |
| DDC Edition number | 23 |
| Author mark and Year | MOK 2017 |
| 084 ## - OTHER CLASSIFICATION NUMBER | |
| Classification number | BUS023000 |
| -- | BUS068000 |
| -- | BUS022000 |
| -- | BUS069000 |
| -- | HIS010000 |
| Source of number | bisacsh |
| 100 1# - MAIN ENTRY--PERSONAL NAME | |
| Personal name | Mokyr, Joel, |
| 245 12 - TITLE STATEMENT | |
| Title | A culture of growth : |
| Remainder of title | The origins of the modern economy / |
| Statement of responsibility, etc | Joel Mokyr. |
| 260 ## - PUBLICATION, DISTRIBUTION, ETC. (IMPRINT) | |
| Place of publication, distribution, etc | Princeton: |
| Name of publisher, distributor, etc | Princeton University Press; |
| Date of publication, distribution, etc | 2017. |
| 300 ## - PHYSICAL DESCRIPTION | |
| Pagination | xiv, 403 pages ; |
| Dimensions | 24 cm |
| 490 0# - SERIES STATEMENT | |
| Series statement | The Graz Schumpeter lectures |
| 504 ## - BIBLIOGRAPHY, ETC. NOTE | |
| Bibliography, etc | Includes bibliographical references (pages 343-379) and index. |
| 520 ## - SUMMARY, ETC. | |
| Summary, etc | " The description for this book, A Culture of Growth: The Origins of the Modern Economy, will be forthcoming. "-- |
| 650 #0 - SUBJECT ADDED ENTRY--TOPICAL TERM | |
| Topical term or geographic name as entry element | Economic development. |
| 650 #0 - SUBJECT ADDED ENTRY--TOPICAL TERM | |
| Topical term or geographic name as entry element | Economic history. |
| 650 #7 - SUBJECT ADDED ENTRY--TOPICAL TERM | |
| Topical term or geographic name as entry element | BUSINESS & ECONOMICS / Economic History. |
| 650 #7 - SUBJECT ADDED ENTRY--TOPICAL TERM | |
| Topical term or geographic name as entry element | BUSINESS & ECONOMICS / Development / Economic Development. |
| 650 #7 - SUBJECT ADDED ENTRY--TOPICAL TERM | |
| Topical term or geographic name as entry element | BUSINESS & ECONOMICS / Economic Conditions. |
| 650 #7 - SUBJECT ADDED ENTRY--TOPICAL TERM | |
| Topical term or geographic name as entry element | BUSINESS & ECONOMICS / Economics / General. |
| 650 #7 - SUBJECT ADDED ENTRY--TOPICAL TERM | |
| Topical term or geographic name as entry element | HISTORY / Europe / General. |
| 942 ## - ADDED ENTRY ELEMENTS (KOHA) | |
| Source of classification or shelving scheme | Dewey Decimal Classification |
| Koha item type | Books |
| Source of classification or shelving scheme | Damaged status | Not for loan | Home library | Current library | Shelving location | Date of accession | Cost, normal purchase price | Total Checkouts | Full call number | Barcode | Date last seen | Copy number | Method of acquisition | Koha item type | Currency |
|---|---|---|---|---|---|---|---|---|---|---|---|---|---|---|---|
| Dewey Decimal Classification | JCC Rouf Library | JCC Rouf Library | General Stacks | 450.00 | 330 MOK 2017 | 19111 | 03/13/2024 | C-1 | Purchase | Books | BDT |